Gramática española (Record no. 47526)

MARC details
000 -LEADER
fixed length control field 00829nam a22002537a 4500
005 - DATE AND TIME OF LATEST TRANSACTION
control field 20250627110051.0
008 - FIXED-LENGTH DATA ELEMENTS--GENERAL INFORMATION
fixed length control field 250623b mx |||||||| |||| 00| 0 spa d
020 ## - INTERNATIONAL STANDARD BOOK NUMBER
International Standard Book Number 9789706418432 (O.C.)
020 ## - INTERNATIONAL STANDARD BOOK NUMBER
International Standard Book Number 9789684367630 (v. 1)
020 ## - INTERNATIONAL STANDARD BOOK NUMBER
International Standard Book Number 9684367635 (v.1)
020 ## - INTERNATIONAL STANDARD BOOK NUMBER
International Standard Book Number 9789684367616 (v. 2)
020 ## - INTERNATIONAL STANDARD BOOK NUMBER
International Standard Book Number 9789706412430 (v. 3)
050 04 - LIBRARY OF CONGRESS CALL NUMBER
Classification number PC4105
Item number M37 r2010
050 04 - LIBRARY OF CONGRESS CALL NUMBER
Classification number PC4112
Item number M37 1991
100 1# - MAIN ENTRY--PERSONAL NAME
Personal name Marín, Emilio.
245 10 - TITLE STATEMENT
Title Gramática española
Statement of responsibility, etc / por Emilio Marín.
250 ## - EDITION STATEMENT
Edition statement 19a ed.
260 ## - PUBLICATION, DISTRIBUTION, ETC. (IMPRINT)
Place of publication, distribution, etc México :
Name of publisher, distributor, etc Progreso,
Date of publication, distribution, etc 1991.
300 ## - PHYSICAL DESCRIPTION
Extent v. :
Other physical details il. ;
Dimensions 19 cm.
504 ## - BIBLIOGRAPHY, ETC. NOTE
Bibliography, etc Incluye bibliografia e índice
505 1# - FORMATTED CONTENTS NOTE
Title V. 1 Primer libro Para cuarto año de eseñanza elemental --
-- V. 2 Segundo libro Para 5º y 6º año de primaria.
650 #7 - SUBJECT ADDED ENTRY--TOPICAL TERM
Source of heading or term lemb
Topical term or geographic name as entry element Español
General subdivision Gramática
942 ## - ADDED ENTRY ELEMENTS (KOHA)
Source of classification or shelving scheme Biblioteca del Cogreso de los Estados Unidos
Koha item type Libro
Holdings
Estado de pérdida Fuente de clasificación Estado del daño No para préstamo Ubicación permanente Ubicación actual Apartado o colección Fecha de adquisición Fuente de adquisición Edición Enumeración de Serie / Cronológica Área del conocimiento Clasificación Código de Barras Date last seen Número de copia Costo por reposición Tipo de recurso Nota pública Dependencia de educación superior (DES) Total Checkouts
  Biblioteca del Cogreso de los Estados Unidos     Biblioteca Pública Universitaria Biblioteca Pública Universitaria General 16/07/2014     BPU000000431   PC4105 M37 r2010 BPU000000431 16/01/2015 C:1 V.3   Libro      
  Biblioteca del Cogreso de los Estados Unidos     Biblioteca Pública Universitaria Biblioteca Pública Universitaria General 16/07/2014     BPU000000432   PC4105 M37 r2010 BPU000000432 16/01/2015 C:2 v.3   Libro      
  Biblioteca del Cogreso de los Estados Unidos     Biblioteca de la Facultad de Ingeniería Civil Biblioteca de la Facultad de Ingeniería Civil General 23/06/2025   19a ed. V:1 Educación y Humanidades PC4112 M37 1991 BIC000002573 23/06/2025 1 1.00 Libro      
  Biblioteca del Cogreso de los Estados Unidos     Biblioteca de la Preparatoria Isaac Arriaga Biblioteca de la Preparatoria Isaac Arriaga General 16/08/2019   19a.ed. V:1 Educación y Humanidades PC4112 M37 r2003 PIA000003336 16/08/2019 C:1 1.00 Libro   Nivel Medio Superior  
  Biblioteca del Cogreso de los Estados Unidos     Biblioteca de la Preparatoria Isaac Arriaga Biblioteca de la Preparatoria Isaac Arriaga General 16/08/2019   19a.ed. V:1 Educación y Humanidades PC4112 M37 r2003 PIA000003337 16/08/2019 C:2 1.00 Libro   Nivel Medio Superior  
  Biblioteca del Cogreso de los Estados Unidos     Biblioteca de la Preparatoria José Ma. Morelos Biblioteca de la Preparatoria José Ma. Morelos General 25/06/2014     PJM000002244   PC4105 M37 r2010 PJM000002244 25/06/2014 C:1 V.3   Libro      
  Biblioteca del Cogreso de los Estados Unidos     Biblioteca de la Preparatoria José Ma. Morelos Biblioteca de la Preparatoria José Ma. Morelos   25/06/2014     PJM000002245   PC4105 M37 r2010 PJM000002245 25/06/2014 C:2 V.3   Libro      
  Biblioteca del Cogreso de los Estados Unidos     Biblioteca de la Preparatoria José Ma. Morelos Biblioteca de la Preparatoria José Ma. Morelos General 25/06/2014     PJM000002246   PC4105 M37 r2010 PJM000002246 25/06/2014 C:3 V.3   Libro      
  Biblioteca del Cogreso de los Estados Unidos     Biblioteca de la Preparatoria José Ma. Morelos Biblioteca de la Preparatoria José Ma. Morelos General 25/06/2014   19 ed PJM000002245 Educación y Humanidades PC4105 M3 2003 PJM000000482 15/08/2019 C:1 1.00 Libro      
  Biblioteca del Cogreso de los Estados Unidos     Biblioteca de la Preparatoria José Ma. Morelos Biblioteca de la Preparatoria José Ma. Morelos General 25/06/2014   19 ed PJM000002245 Educación y Humanidades PC4105 M3 2003 PJM000000483 15/08/2019 C:2 V.1 1.00 Libro      
  Biblioteca del Cogreso de los Estados Unidos     Biblioteca de la Preparatoria José Ma. Morelos Biblioteca de la Preparatoria José Ma. Morelos General 25/06/2014   19 ed PJM000002245 Educación y Humanidades PC4105 M3 2003 PJM000000484 15/08/2019 C:3 V.1 1.00 Libro      
  Biblioteca del Cogreso de los Estados Unidos     Biblioteca de la Preparatoria Melchor Ocampo Biblioteca de la Preparatoria Melchor Ocampo General 16/01/2014   19a ed. V:1   PC4112 M37 r2010 PMO000002867 16/01/2014 1 1.00 Libro 12a. reimpresión